000 00299nam a2200109 4500
008 180219b xxu||||| |||| 00| 0 eng d
245 _aTaiwanese acquitted of drug trafficking.
260 _aPhilippines
_bThe Philippine Star
_cc2017
300 _apage 21.
650 0 _926634
_aDrugs.
942 _2ddc
_cPER
999 _c8737
_d8737